000 00409pab a2200157 454500
008 180718b1981 xxu||||| |||| 00| 0 eng d
100 _aSangwan, P.S.
245 _aMonitoring systems - Concept, need and applicability
260 _c1981
300 _ap.150-160.
362 _aJan-Mar
650 _aProject management
773 _aIndian Journal of Public Administration
908 _aN
909 _a88535
999 _c88535
_d88535